Tribes Land and the Environment (Record no. 15659)
[ view plain ]
| 000 -LEADER | |
|---|---|
| fixed length control field | 00464nam a22001457a 4500 |
| 008 - FIXED-LENGTH DATA ELEMENTS--GENERAL INFORMATION | |
| fixed length control field | 160211b xxu||||| |||| 00| 0 eng d |
| 020 ## - INTERNATIONAL STANDARD BOOK NUMBER | |
| International Standard Book Number | 1409420620 |
| 245 ## - TITLE STATEMENT | |
| Title | Tribes Land and the Environment |
| Statement of responsibility, etc. | Krakoff, Sarah |
| 260 ## - PUBLICATION, DISTRIBUTION, ETC. (IMPRINT) | |
| Place of publication, distribution, etc. | UK |
| Name of publisher, distributor, etc. | Ashgate Publishing Co. |
| Date of publication, distribution, etc. | 2012 |
| 300 ## - PHYSICAL DESCRIPTION | |
| Extent | vi, 234p. |
| 650 ## - SUBJECT ADDED ENTRY--TOPICAL TERM | |
| Topical term or geographic name as entry element | Property |
| Geographic subdivision | United States |
| 650 ## - SUBJECT ADDED ENTRY--TOPICAL TERM | |
| Topical term or geographic name as entry element | Land Tenure |
| Form subdivision | Government Policy |
| Geographic subdivision | United States |
| 700 ## - ADDED ENTRY--PERSONAL NAME | |
| Personal name | Rosser, Ezra |
| 942 ## - ADDED ENTRY ELEMENTS (KOHA) | |
| Source of classification or shelving scheme | Library of Congress Classification |
| Koha item type | General Collection |
| Classification part | KF5660 |
| Call number prefix | .T75 2012 C.1 |
| Withdrawn status | Lost status | Source of classification or shelving scheme | Not for loan | Home library | Current library | Shelving location | Date acquired | Cost, normal purchase price | Total Checkouts | Full call number | Barcode | Date last seen | Price effective from | Koha item type |
|---|---|---|---|---|---|---|---|---|---|---|---|---|---|---|
| Library of Congress Classification | Kabarak, Main Campus | Kabarak, Main Campus | General Stacks | 11/02/2016 | 10661.20 | KF5660 .T75 2012 C.1 | 017281 | 11/02/2016 | 11/02/2016 | General Collection |